Регионална библиотека "Любен Каравелов" - Русе

Национална изложба по млечно говедовъдство (Запис номер 447245)

MARC детайли
000 -Лидер
Контролно поле с фиксирана дължина 00983nam a2200253 a 4500
003 - Код на организацията, давaща контролен номер
Контролно поле BLK
005 - Дата и час на последна редакция
Контролно поле 20230727123642.0
008 - Елементи от данни с фиксирана дължина
fixed length control field 220302b bu |||||r|||| 00| | bu d
040 ## - Източник на каталожния запис
Идентификатор на билиотеката - собственик на записа BLK
041 ## - Код за език
Код за езика на текст/звукозапис или на отделно заглавие Български
Код за езика КДБФ Български
080 ## - УДК
Текстов определител УДК Говеда
УДК код - определител по УДК 636.22/.28
УДК определител (062)
УДК - код + определител 636.22/.28(062)
139 ## - Редно поле
Редна дума Национална изложба по млечно говедовъдство
Авторски знак Нац - Н 33
245 ## - Сведения за заглавието
Заглавие Национална изложба по млечно говедовъдство
Подзаглавни данни Каталог на представените животни
Физически носител (вид на носителя) [Малотир. изд.]
260 ## - Област на издателските данни
9 (RLIN) 441842
Място на издаване, разпространение и проч. Русе
Година на издаване 1980
300 ## - Физическа характеристика
Страници 121 с.
Илюстрации и др. с ил.
Размери/Мащаб 21 см
380 ## - Жанр
Жанр Селско стопанство
500 ## - Общи забележки
Забележка НПО по говедовъдство и овцевъдство София' 80
653 #7 - Ключова дума – ненормативна
9 (RLIN) 184201
Ключова дума говедовъдство
653 #0 - Ключова дума – ненормативна
9 (RLIN) 391214
Ключова дума изложба
653 #0 - Ключова дума – ненормативна
9 (RLIN) 434569
Ключова дума каталог
852 ## - Местоположение
Фондова буква Краезнание
Систематично-азбучна сигнатура К 63/Н 33
999 ## - СИСТЕМНИ КОНТРОЛНИ НОМЕРА
Koha biblionumber 447245
Koha biblioitemnumber 447245
942 ## - АРТИКУЛИ
Вид на библиотечния материал Книги
Скрит в OPAC Не
Периодичен библиозапис Да
Koha issues (borrowed), all copies 1
944 ## - СЪЗДАВАНЕ И РЕДАКЦИЯ на ЗАПИСА
Създаване/Редакция Създаване
Дата на регистрацията/редакция 2022-03-07
Служител, извършил регистрацията/редакцията 30556
Статус, дата на статуса Теодора Пейчева-Дянкова
Наличности
Код за отписване Код за изгубен артикул Източник на класификационната схема Код за повреда Коз за рестрикции Код за отдаване Артикулен № Име на библиотеката - собственик Име на библиотеката, в която се намира в момента Статус (Текущо местоположение) Дата на вписване в системата Местоположение - отдел Цена в лева Систематично азбучна сигнатура Баркод Цена в евро Служебен тип на артикула
  Не е изгубен Universal Decimal Classification Не е повреден само за читалня ползва се в читалня 875033 Регионална библиотека "Любен Каравелов" Русе Регионална библиотека "Любен Каравелов" Русе Краезнание 2022-03-14 Краезнание 2.00 К 63/Н 33 120000868034 1.02 Книги
Vip Innovations Ltd, Rousse, Bulgaria 2025